00290nam a22000977a 450000500170000000800410001702000100005804000080006824500740007626000420015020200813111741.0200813b ||||| |||| 00| 0 eng d a30546 cCML aThe Conservation of Antiquities and Works of Art.cPlenderleith, H.J. aLondonbOxford University Pressc1956